Анализ негативного воздействия нефтеперерабатывающих заводов на окружающую среду; Прогрессивные технологии и экономика в машиностроении
| Parent link: | Прогрессивные технологии и экономика в машиностроении.— 2026.— С. 210-212 |
|---|---|
| Päätekijä: | |
| Muut tekijät: | |
| Yhteenveto: | В данной статье приведена информация о негативном воздействии нефтеперерабатывающих заводов на окружающую среду: гидросфера, атмосфера, литосфера This article provides information about the negative impact of an oil refinery on the environment: water, air, soil, hydrosphere, atmosphere, lithosphere Текстовый файл |
| Kieli: | venäjä |
| Julkaistu: |
2026
|
| Aiheet: | |
| Linkit: | http://earchive.tpu.ru/handle/11683/138725 |
| Aineistotyyppi: | Elektroninen Kirjan osa |
| KOHA link: | https://koha.lib.tpu.ru/cgi-bin/koha/opac-detail.pl?biblionumber=686385 |
MARC
| LEADER | 00000naa2a2200000 4500 | ||
|---|---|---|---|
| 001 | 686385 | ||
| 005 | 20260527153919.0 | ||
| 090 | |a 686385 | ||
| 100 | |a 20260505d2026 k||y0rusy50 ca | ||
| 101 | 0 | |a rus | |
| 102 | |a RU | ||
| 135 | |a drbn ---uucaa | ||
| 200 | 1 | |a Анализ негативного воздействия нефтеперерабатывающих заводов на окружающую среду |f В. В. Табакова |g науч. рук. Родионов П. В. | |
| 320 | |a Список использованных источников: 3 назв | ||
| 330 | |a В данной статье приведена информация о негативном воздействии нефтеперерабатывающих заводов на окружающую среду: гидросфера, атмосфера, литосфера | ||
| 330 | |a This article provides information about the negative impact of an oil refinery on the environment: water, air, soil, hydrosphere, atmosphere, lithosphere | ||
| 336 | |a Текстовый файл | ||
| 463 | 1 | |0 686257 |9 686257 |t Прогрессивные технологии и экономика в машиностроении |o сборник трудов XVII Всероссийской научно-практической конференции для студентов и учащейся молодежи 16–18 апреля 2026 г., г. Юрга |c Томск |d 2026 |n Изд-во ТПУ |u conference_tpu-2026-C57.pdf |v С. 210-212 | |
| 545 | 1 | |a Экология, безопасность и охрана труда на предприятии | |
| 610 | 1 | |a электронный ресурс | |
| 610 | 1 | |a труды учёных ТПУ | |
| 610 | 1 | |a нефтеперерабатывающие заводы | |
| 610 | 1 | |a выбросы | |
| 610 | 1 | |a экология | |
| 610 | 1 | |a нефтепродукты | |
| 610 | 1 | |a нефть | |
| 610 | 1 | |a отходы | |
| 610 | 1 | |a атмосфера | |
| 610 | 1 | |a гидросфера | |
| 610 | 1 | |a литосфера | |
| 700 | 1 | |a Табакова |b В. В. | |
| 702 | 1 | |a Родионов |b П. В. |c специалист в области экологии и безопасности жизнедеятельности |c старший преподаватель Юргинский технологический институт (филиала) Томского политехнического университета, кандидат педагогических наук |f 1972- |g Павел Вадимович |4 727 | |
| 801 | 0 | |a RU |b 63413507 |c 20260505 | |
| 850 | |a 63413507 | ||
| 856 | 4 | 0 | |u http://earchive.tpu.ru/handle/11683/138725 |z http://earchive.tpu.ru/handle/11683/138725 |
| 942 | |c CF | ||